| 000 | 00459nam a2200169Ia 4500 | ||
|---|---|---|---|
| 008 | 230711s9999||||xx |||||||||||||| ||und|| | ||
| 020 | _a978-81-315-0691-2 | ||
| 041 | _aENG | ||
| 082 |
_a4.1 _bHU-M |
||
| 100 | _aHuang,Han-Way | ||
| 245 | 0 | _aPIC microcontroller ( an introduction to software and hardware interfacing ) | |
| 250 | _a1st Ed. | ||
| 260 |
_c2007 _aNew Delhi _bCengage Learning |
||
| 300 | _a790 | ||
| 650 | _aComputer Engineering | ||
| 942 | _cBK | ||
| 999 |
_c5138 _d5138 |
||